=LDR 00000nam 2200000 4500 =001 NUTBA000000000001474 =005 20211021094326 =035 ##$$a 0010-041400000000744 =008 211021################g##########0#ind## =020 ##$$a 979-3721-40-5 =082 ##$$a 297.77 =090 ##$$a 297.77 Rid m =100 ##$$a Ridlwan Nasir =245 1#$$a Mencari tipologi format pendidikan ideal /$c Prof.DR.H. M. Ridlwan Nasir, MA ; editor, M. Adib Abdushomad, M.Ag =260 ##$$a Yogyakarta :$b Pustaka Pelajar,$c 2010 =300 ##$$a 379 hlm ; $c 14 x 21 cm =084 ##$$a 297.77 RID m =250 ##$$a cet.2 =650 #4$$a Pendidikan Ideal =500 ##$$a Biografi hlm. 377-380 =700 #$$a Abdushomad, M. Adib =504 ##$$a Bibliografi hlm. 343-354 =990 ##$$a 21305391 =990 ##$$a 21305392 =990 ##$$a 21305393 =990 ##$$a 21305389 =990 ##$$a 21305392 =990 ##$$a 21305391 =990 ##$$a 21305393 =990 ##$$a 21305389